| 000 | 00661nam a2200241Ia 4500 | ||
|---|---|---|---|
| 003 | 0100 | ||
| 005 | 20160914091756.0 | ||
| 008 | 130303s9999 xx 000 0 und d | ||
| 020 | _a521243696 | ||
| 040 | _cARRUPELIB | ||
| 050 | _aHT1321.L68 1983 | ||
| 100 |
_aLovejoy, Paul E _925801 |
||
| 245 | _aTransformations in slavery | ||
| 245 | _ba history of slavery in Africa | ||
| 260 | _aCambridge | ||
| 260 | _bCambridge Univeristy Press | ||
| 300 | _axvi | ||
| 300 | _b 349p. 24cm. | ||
| 650 |
_aSlavery _xHistory _zAfrica _925802 |
||
| 650 |
_aSlave trade _xHistory _zAfrica _925803 |
||
| 700 |
_aPaul E. Lovejoy _925804 |
||
| 942 | 0 | 0 |
_03 _2lcc _cMONOGRAPH |
| 999 |
_c13281 _d13281 |
||